| 000 | 00943nam a2200253 4500 | ||
|---|---|---|---|
| 005 | 20220624142813.0 | ||
| 008 | 220624s2007 enka|||gr|||| 00| 0 eng d | ||
| 020 | _a9780500342336 | ||
| 040 |
_aCO-BoUCM _bspa _cDeissy Garcia _dDeissy Garcia |
||
| 041 | 0 | _aeng | |
| 100 | 1 |
_9175106 _aCumberlidge, Clare |
|
| 245 | 1 | 0 |
_aDesign and landscape for people _bnew approaches to renewal _cClare Cumberlidge, Lucy Musgrave |
| 260 |
_aLondres _bThames & Hudson _c2007 |
||
| 300 |
_a224 páginas _bilustraciones |
||
| 500 | _aBibliografía Básica - Facultad de Creación - Pregrado en Artes | ||
| 504 | _aIncluye referencias bibliográficas e índices | ||
| 650 | 7 |
_925989 _aUrbanismo |
|
| 650 | 7 |
_923546 _aRenovación urbana |
|
| 650 | 0 |
_9175107 _aRenovación rural |
|
| 650 | 0 |
_9154243 _aArquitectura sostenible |
|
| 700 | 1 |
_9175108 _aMusgrave, Lucy |
|
| 942 |
_2DEWEY _cLIBRO _a17 _e1 _h711.4 _mC969d _n0 |
||
| 999 |
_c321382 _d321382 |
||